| 000 | 00804nam a2200241 4500 | ||
|---|---|---|---|
| 001 | 174598 | ||
| 003 | ES-MaACL | ||
| 005 | 20230906215602.0 | ||
| 008 | 100510s1991 sp d f |||| | spa d | ||
| 017 | _aZA 241-1991 | ||
| 020 | _a84-7719-254-5 | ||
| 080 | _a811.111'25=134.2 | ||
| 100 | 1 |
_aRabadán, Rosa. _9142779 |
|
| 245 | 1 | 0 |
_aEquivalencia y traducción _b: problemática de la equivalencia translémica inglés-español / _cRosa Rabadán. |
| 260 |
_aLeón : _bUniversidad, Secretariado de Publicaciones, _c1991. |
||
| 300 |
_a345 p. ; _c24 cm. |
||
| 500 | _aÍndice. | ||
| 500 | _aGlosario terminológico. | ||
| 504 | _aBibliografía: p. 301-337. | ||
| 650 | 7 |
_aLengua inglesa- _xTraducción al español. _9142780 |
|
| 710 | 2 |
_aUniversidad de León. _97200 |
|
| 852 | 4 |
_aES-MaACL _jC-57197 |
|
| 999 |
_c174598 _d174598 |
||